Fletcher fill in the lyric blank - The S(ex) Tapes EP - Statistics

General Stats
  • This quiz has been taken 12 times
  • The average score is 24 of 33
Answer Stats
Hint Answer % Correct
Last night, I had a ____ dream about you dirty
100%
It's like being on the ____ of the inside joke outside
100%
Don't ruin it with too many words, you're makin' me ____ sober
100%
I know you fucked her on the ______ right before you could her dinner counter
92%
I dream of you _____ __ in nothin' dressed up
92%
Watch me put my ___ to your finger
92%
I wanna bite your lips, do some ______ shit freaky
92%
I just had ___ with my ex sex
92%
It's like when you just broke up and they play your ____ song
92%
I left a ____ in your mouth can she ____ me now? taste
92%
I don't really need nobody, I kinda want your ____ body
83%
It's like you're _____ hearts around my name drawin'
83%
In a ____ ___ apartment New York
83%
And ____ drinks later three
83%
I know she thinkin' that she found herself a _____ winner
83%
I used to hate ______ taste cigarette
75%
Say ____ forever, until next time goodbye
75%
And it feels like I'm ____ you twice losing
75%
So I'll drink this wine it's _____ for the mind medicine
75%
Looked into my eye, said "I got you, ____" darling
67%
And we don't need to ___ it 'cause we don't need to make it fake
67%
So I numb your kiss with ___ ___ _____ gin and tonic
67%
Let's ____ ___, but I'll make it clear, not lookin' for something make out
67%
We don't gotta talk about us, how we _____ it up messed
67%
I hope that you don't find someone that _____ you the way that I do touches
67%
I could change the ______ of my phone background
58%
I'll meet you _____ at the subway station downstairs
58%
The ______ is the hardest nighttime
58%
I bet you _____ the truth, I bet you're real sweet with her sugarcoat
58%
My ____ is the darkest bedtime
50%
Back into my _____, back into your bed feelings
50%
All I need is time and ____ silence
33%
I can't ______ it, not anymore postpone
8%
No matching quizzes found
Score Distribution
Percent of People with Each Score
Percentile by Number Answered
Your Score History
You have not taken this quiz